| 000 | 00506nam a2200169Ia 4500 | ||
|---|---|---|---|
| 999 |
_c20559 _d20559 |
||
| 003 | OSt | ||
| 005 | 20211118111545.0 | ||
| 008 | 190216s9999||||xx |||||||||||||| ||und|| | ||
| 040 | _coclc | ||
| 082 |
_a303.484 _bSHA/M |
||
| 100 |
_aSharma, R S _96089 |
||
| 245 | 0 |
_aMaterial Culture And Social Formations In Ancient India / _cR S Sharma |
|
| 260 |
_bMacmillan, _c1996. _aNew Delhi: |
||
| 300 | _a246p | ||
| 650 | _aIndian History | ||
| 942 |
_cBK _2ddc _h303.484 _iSHA/M _k303.484 _mSHA/M |
||